الوحدة الوطنية فى مصر عبر التاريخ / (Record no. 37820)
[ view plain ]
| 000 -الفاتح | |
|---|---|
| حقل البيانات ثابتة الطول | 00485nam a2200157Ia 4500 |
| 008 - عناصر البيانات ثابتة الطول - معلومات عامة | |
| حقل البيانات ثابتة الطول | 140319s9999 xx 000 0 ara d |
| 040 ## - مصدر الفهرسة | |
| وكالة الفهرسة الأصلية | GCL / |
| وكالة النسخ | GCL |
| 082 04 - رقم تصنيف ديوى العشرى | |
| رقم التصنيف | ق |
| رقم المادة | 322.1 |
| -- | ع و |
| 100 1# - المدخل الرئيسى - إسم شخصى | |
| الإسم الشخصى | عبدالعزيز رفاعى |
| 245 10 - بيان العنوان | |
| العنوان | الوحدة الوطنية فى مصر عبر التاريخ / |
| بيان المسئوليه,etc | عبدالعزيز رفاعى |
| 700 1# - المدخل الاضافى - اسم شخصى | |
| الإسم الشخصى | حسين عبدالواحد الشاعر |
| 700 1# - المدخل الاضافى - اسم شخصى | |
| الإسم الشخصى | سيد مرعى (تقديم) |
| 300 ## - الوصف المادى | |
| التعداد | 215 ص |
| 490 ## - بيان السلسلة | |
| عنوان السلسلة | |
| حالة التراجع | حالة الفقد | حالة تلف | ليس للاعارة | المكان المؤقت | الموقع الحالى | تاريخ الاكتساب | اجمالي اﻻعارات | رقم الطلب | الباركود | تاريخ اخر مشاهدة | تاريخ تفعيل السعر | نوع وعاء كوها |
|---|---|---|---|---|---|---|---|---|---|---|---|---|
| مكتبة القاهرة الكبرى | مكتبة القاهرة الكبرى | 03/26/2014 | ق\322.1\ع و | 92331 | 03/26/2014 | 03/26/2014 | كتاب | |||||
| مكتبة القاهرة الكبرى | مكتبة القاهرة الكبرى | 03/26/2014 | ق\322.1\ع و | 92332 | 03/26/2014 | 03/26/2014 | كتاب |

